Arizona Cities Quiz Stats

 Plays Quiz Updated Apr 9, 2018

Challenge
Share
Tweet
Embed
Score 0/20 Timer 06:00
0 Plays Today
Rank City or Town % Correct
1Phoenix
99.2%
2Tucson
88.1%
3Mesa
76.7%
5Scottsdale
73.6%
14Flagstaff
72.1%
6Glendale
66.6%
8Tempe
65%
4Chandler
53.1%
11Yuma
52%
7Gilbert
44.7%
Rank City or Town % Correct
9Peoria
39.9%
10Surprise
33.8%
17Lake Havasu City
21.8%
13Goodyear
20%
12Avondale
19.9%
16Casa Grande
19.9%
15Buckeye
15.8%
18Maricopa
13.6%
19Oro Valley
11.7%
20Marana
10.9%

You're not logged in!

Compare scores with friends on all Sporcle quizzes.
OR
Log In

You Might Also Like...

Show Comments

Extras

Top Quizzes Today


Score Distribution

Your Account Isn't Verified!

In order to create a playlist on Sporcle, you need to verify the email address you used during registration. Go to your Sporcle Settings to finish the process.

Report this User

Report this user for behavior that violates our Community Guidelines.

Details: